Normal view MARC view
  • Intelligent transportation systems.

Entry Topical Term

Number of records used in: 2

001 - CONTROL NUMBER

  • control field: 26801

003 - CONTROL NUMBER IDENTIFIER

  • control field: NUST

005 - DATE AND TIME OF LATEST TRANSACTION

  • control field: 20191212112437.0

008 - FIXED-LENGTH DATA ELEMENTS

  • fixed length control field: 191212|| aca||aabn | a|a d

040 ## - CATALOGING SOURCE

  • Original cataloging agency: NUST
  • Transcribing agency: NUST

150 ## - HEADING--TOPICAL TERM

  • Topical term or geographic name entry element: Intelligent transportation systems.

670 ## - SOURCE DATA FOUND

  • Source citation: Work cat.: (NUST)0: Xu, You-Lin, 1952- author. 26799, Smart civil structures /
© 2023 Central Library, National University of Sciences and Technology. All Rights Reserved.